000 00655cim a22002771 4500
001 30188
005 20220405165426.0
090 _a30188
100 _a19900921d1986 m y0pory5003 ba
300 _aLeitura de Fernanda Dinis
035 _a(porbase)1766069
095 _aPTBN00615784
101 1 _apor
102 _aPT
_bLisboa
125 _bj
126 _acuuxuuu uu
_bcux
930 _lBECRE
675 _a304
_vBN
_zpor
675 _a159.9
_vBN
_zpor
700 1 _aLengrand,
_bPaul
998 _aBPMP2-110
200 1 _aO Homem do futuro
_fPaul Lengrand
210 _aLisboa
_cMoraes,
_d1986
215 _a2 cass
801 0 _aPT
_bBN
_gRPC
990 _cLIVROS